000 00441nam a2200181Ia 4500
001 16379
005 20260306170305.0
008 260306t2007||||xx |||||||||||||| ||und||
041 _aESP
082 _a348.55
_bD31
100 _aDavara Rodríguez, Miguel Ángel
_eAUT
245 0 _aManual de derecho informático
260 _c2007
300 _a534 páginas :
_c23 cm.
650 _aGEN
654 _aCDE
942 _cLIB
_dJUS
_fJUS
_2ddc
_n
999 _c16379
_d16379